<?xml version="1.0" encoding="UTF-8"?><?xml-stylesheet type="text/xsl" href="static/style.xsl"?><OAI-PMH xmlns="http://www.openarchives.org/OAI/2.0/" xmlns:xsi="http://www.w3.org/2001/XMLSchema-instance" xsi:schemaLocation="http://www.openarchives.org/OAI/2.0/ http://www.openarchives.org/OAI/2.0/OAI-PMH.xsd"><responseDate>2026-04-29T02:38:04Z</responseDate><request verb="GetRecord" identifier="oai:repisalud.isciii.es:20.500.12105/23381" metadataPrefix="marc">https://repisalud.isciii.es/rest/oai/request</request><GetRecord><record><header><identifier>oai:repisalud.isciii.es:20.500.12105/23381</identifier><datestamp>2024-11-29T00:04:20Z</datestamp><setSpec>com_20.500.12105_15322</setSpec><setSpec>com_20.500.12105_2051</setSpec><setSpec>col_20.500.12105_16967</setSpec></header><metadata><record xmlns="http://www.loc.gov/MARC21/slim" xmlns:dcterms="http://purl.org/dc/terms/" xmlns:doc="http://www.lyncode.com/xoai" xmlns:xsi="http://www.w3.org/2001/XMLSchema-instance" xsi:schemaLocation="http://www.loc.gov/MARC21/slim http://www.loc.gov/standards/marcxml/schema/MARC21slim.xsd">
   <leader>00925njm 22002777a 4500</leader>
   <datafield ind2=" " ind1=" " tag="042">
      <subfield code="a">dc</subfield>
   </datafield>
   <datafield ind2=" " ind1=" " tag="720">
      <subfield code="a">Dominguez-Salas, Sara</subfield>
      <subfield code="e">author</subfield>
   </datafield>
   <datafield ind2=" " ind1=" " tag="720">
      <subfield code="a">Andres-Villas, Montserrat</subfield>
      <subfield code="e">author</subfield>
   </datafield>
   <datafield ind2=" " ind1=" " tag="720">
      <subfield code="a">Riera-Sampol, Aina</subfield>
      <subfield code="e">author</subfield>
   </datafield>
   <datafield ind2=" " ind1=" " tag="720">
      <subfield code="a">Tauler, Pedro</subfield>
      <subfield code="e">author</subfield>
   </datafield>
   <datafield ind2=" " ind1=" " tag="720">
      <subfield code="a">Bennasar-Veny, Miquel</subfield>
      <subfield code="e">author</subfield>
   </datafield>
   <datafield ind2=" " ind1=" " tag="720">
      <subfield code="a">Aguilo, Antoni</subfield>
      <subfield code="e">author</subfield>
   </datafield>
   <datafield ind2=" " ind1=" " tag="720">
      <subfield code="a">Rivera, Francisco</subfield>
      <subfield code="e">author</subfield>
   </datafield>
   <datafield ind2=" " ind1=" " tag="260">
      <subfield code="c">2022-01-10</subfield>
   </datafield>
   <datafield ind2=" " ind1=" " tag="520">
      <subfield code="a">Purpose: The objectives of this study were to analyze the psychometric properties of the Sense of Coherence scale (SOC-13), determine the role of the method effect in the performance of the instrument, and identify the relationship with health perception, quality of life, and sleep quality in patients at cardiovascular risk. Methods: The final sample consisted of 293 patients at cardiovascular risk, with a mean age of 61.9 years (SD = 8.8), 49.8% of whom were women. The SOC-13, the Patient Health Questionnaire (PHQ-9), and the Medical Outcomes Study-Sleep Scale (MOS-Sleep) were administered. In addition, the participant's self-perceived health and quality of life were also evaluated. All analyses were carried out with SPSS 26.0 and EQS 6.1 statistical software. Results: The results showed adequate reliability for the SOC-13, with a Cronbach's alpha of .789. The fit of the structures was not adequate in any of the cases (.26 to .62 for one factor, .26 to.73 for three factors, .20 to .54 for one second-order factor, and .25, .42, and .54 for three first-order factors). The three structure models showed an improved fit when adding a latent factor resulting from the method effect (.6 to .85 for one factor, .11 to.90 for three factors, and .11 to .96 for one second-order factor). Moreover, positive correlations were found with health perception, perceived quality of life, and perceived sleep quality. Conclusion: The SOC-13 is a suitable instrument for patients with cardiovascular risk in Spain, and it is also an indicator of health perception, quality of life, and perceived quality of sleep. Control of the method effect improves the fit of the instrument's structure. As a future direction, it is recommended to conduct new studies in this and other samples and using different versions of the SOC.</subfield>
   </datafield>
   <datafield ind1="8" ind2=" " tag="024">
      <subfield code="a">Dominguez-Salas S, andres-Villas M, Riera-Sampol A, Tauler P, Bennasar-Veny M, Aguilo A, et al. Analysis of the psychometric properties of the Sense of Coherence scale (SOC-13) in patients with cardiovascular risk factors: a study of the method effects associated with negatively worded items. Health Qual Life Outcomes. 2022 Jan 10;20(1):8.</subfield>
   </datafield>
   <datafield ind1="8" ind2=" " tag="024">
      <subfield code="a">https://hdl.handle.net/20.500.13003/19441</subfield>
   </datafield>
   <datafield ind1="8" ind2=" " tag="024">
      <subfield code="a">https://hdl.handle.net/20.500.12105/23381</subfield>
   </datafield>
   <datafield ind1="8" ind2=" " tag="024">
      <subfield code="a">35012547</subfield>
   </datafield>
   <datafield ind1="8" ind2=" " tag="024">
      <subfield code="a">10.1186/s12955-021-01914-6</subfield>
   </datafield>
   <datafield ind1="8" ind2=" " tag="024">
      <subfield code="a">1477-7525</subfield>
   </datafield>
   <datafield ind1="8" ind2=" " tag="024">
      <subfield code="a">Health and Quality of Life Outcomes</subfield>
   </datafield>
   <datafield ind1="8" ind2=" " tag="024">
      <subfield code="a">2-s2.0-85122731489</subfield>
   </datafield>
   <datafield ind1="8" ind2=" " tag="024">
      <subfield code="a">740981000004</subfield>
   </datafield>
   <datafield ind1="8" ind2=" " tag="024">
      <subfield code="a">L2014695731</subfield>
   </datafield>
   <datafield tag="653" ind2=" " ind1=" ">
      <subfield code="a">Sense of coherence</subfield>
   </datafield>
   <datafield tag="653" ind2=" " ind1=" ">
      <subfield code="a">Cardiovascular risk</subfield>
   </datafield>
   <datafield tag="653" ind2=" " ind1=" ">
      <subfield code="a">Method effect</subfield>
   </datafield>
   <datafield tag="653" ind2=" " ind1=" ">
      <subfield code="a">Psychometric analysis</subfield>
   </datafield>
   <datafield tag="653" ind2=" " ind1=" ">
      <subfield code="a">SOC-13</subfield>
   </datafield>
   <datafield ind2="0" ind1="0" tag="245">
      <subfield code="a">Analysis of the psychometric properties of the Sense of Coherence scale (SOC-13) in patients with cardiovascular risk factors: a study of the method effects associated with negatively worded items</subfield>
   </datafield>
</record></metadata></record></GetRecord></OAI-PMH>